000 00645nam a2200181 i 4500
001 149828
003 ES-MaACL
005 20230906203257.0
007 t|
008 071024s1903 sp ||||1| spa d
100 1 _aValverde y Perales, Francisco.
_9113023
245 1 0 _aHistoria de la villa de Baena /
_cpor Francisco Valverde y Perales ; prólogo de Rodrigo Amador de los Ríos.
260 _aToledo :
_b[s.n.],
_c1903 (
_fImp. Vda. e hijos de J. Pelèz)
300 _aXXV, 527 p. ;
_c25 cm.
651 4 _aBaena-
_xHistoria.
_9157814
700 1 _aAmador de los Ríos y Fernández de Villalta, Rodrigo.
_9149674
852 _aES-MaACL
_jG-4933
999 _c149828
_d149828